000 00174 a2200085 4500
001 1230046
005 20250915140246.0
245 _a
_cICO ROMERO REYES
260 _b
999 _c1230046
_d1230046